Type 2 Diabetes in the Context of Consanguinity-Conjugality, Anthropometry and Clinical Variation/ (Record no. 180035)

MARC details
000 -LEADER
fixed length control field 00645nam a22001937a 4500
005 - DATE AND TIME OF LATEST TRANSACTION
control field 20241009103412.0
010 ## - LCCN (DPL NO)
LC control number ENG-129608 ENG-141986
020 ## - INTERNATIONAL STANDARD BOOK NUMBER
International Standard Book Number 978-81-927999-4-0
Terms of availability 1000.00
035 ## - SYSTEM CONTROL NUMBER
System control number EN-113140
035 ## - SYSTEM CONTROL NUMBER
System control number EN-125518
037 ## - SOURCE OF ACQUISITION
Source of stock number/acquisition DBAD
082 ## - DEWEY DECIMAL CLASSIFICATION NUMBER
Classification number 616.462
100 ## - MAIN ENTRY--PERSONAL NAME
Personal name Reddy, V Rami
245 ## - TITLE STATEMENT
Title Type 2 Diabetes in the Context of Consanguinity-Conjugality, Anthropometry and Clinical Variation/
Statement of responsibility, etc by V. Rami Reddy
260 ## - PUBLICATION, DISTRIBUTION, ETC. (IMPRINT)
Place of publication, distribution, etc Tirupati
Name of publisher, distributor, etc V.Indira
Date of publication, distribution, etc 2018
270 ## - ADDRESS
Address 8-30,Vidyanagar,
City Svunt colony, Tirupati
Postal code 517502
300 ## - PHYSICAL DESCRIPTION
Extent 225p.
Dimensions 26cm(pbk)
Other physical details References
942 ## - ADDED ENTRY ELEMENTS (KOHA)
Source of classification or shelving scheme Dewey Decimal Classification
Item type English Books
Classification part 616.462
Call number suffix RED
Holdings
Withdrawn status Lost status Not for loan Collection code Home library Current library Date acquired Source of acquisition Cost, normal purchase price Full call number Barcode Copy number Cost, replacement price Koha item type
      Non-fiction Bawana Bawana 09/10/2024 Delivery of Books Act Division 1000.00 616.462 RED EN-125518 1 1000.00 English Books
      Non-fiction Central Library Central Library 22/07/2021 DBAD/PUB 1000.00 616.462 RED EN-113140 1 1000.00 English Books

© Delhi Public Library
Hit Counter
free hit counter